World of Warcraft Racial Mounts - Statistics

General Stats
  • This quiz has been taken 1,028 times
  • The average score is 8 of 13
Answer Stats
Hint Answer % Correct
Human Horse
99%
Orc Wolf
94%
Tauren Kodo
84%
Troll Raptor
82%
Dwarf Ram
79%
Draenei Elekk
64%
Night Elf Nightsabre
51%
Gnome Mechanostrider
50%
Undead Skeletal Horse
46%
Blood Elf Hawkstrider
45%
Goblin Trike
41%
Pandaren Dragon Turtle
29%
Worgen Themselves!
16%
No matching quizzes found
Score Distribution
Percent of People with Each Score
Percentile by Number Answered
Your Score History
You have not taken this quiz